First 13 digits of pi after dp without yellow box - Statistics

General Stats
  • This quiz has been taken 100 times
  • The average score is 12 of 13
Answer Stats
π % Correct
1
98%
1
98%
4
98%
3
92%
6
92%
9
92%
9
92%
2
90%
5
90%
5
90%
5
90%
8
84%
7
82%
No matching quizzes found
Score Distribution
Percent of People with Each Score
Percentile by Number Answered
Your Score History
You have not taken this quiz